| 000 | 01179cam a2200325 a 4500 | ||
|---|---|---|---|
| 001 | 1904036 | ||
| 003 | Nust | ||
| 005 | 20250930104332.0 | ||
| 008 | 840517t19831958pk af b 001 0 eng | ||
| 010 | _a 84163219 | ||
| 020 | _a9780195772210 | ||
| 040 |
_aDLC _cDLC _dDLC |
||
| 043 |
_aa-pk--- _aa-af--- |
||
| 050 | 0 | 0 |
_aDS380.P8 _bC37 1983 |
| 082 | 0 | 0 |
_a954.912 _bCAR |
| 100 | 1 |
_aCaroe, Olaf Kirkpatrick, _cSir, _d1892- _992087 |
|
| 245 | 1 | 4 |
_aThe Pathans, 550 B.C.-A.D. 1957 / _cby Olaf Caroe ; with an epilogue on Russia by the author. |
| 260 |
_aKarachi : _bOxford University Press, _c2025. ; |
||
| 300 |
_axxiv, 533 p., [15] leaves of plates (some folded) : _bill. ; _c23 cm. |
||
| 440 | 0 |
_aOxford in Asia historical reprints. Modern series _9109021 |
|
| 440 | 0 |
_aOxford in Asia historical reprints from Pakistan. _pModern series _9109022 |
|
| 500 | _aIncludes index. | ||
| 504 | _aBibliography: p. 439-456. | ||
| 650 | 0 |
_aPushtuns _xHistory. _9109023 |
|
| 651 | 0 |
_aKhyber Pakhtunkhwa (Pakistan) _xHistory. _93865 |
|
| 651 | 0 |
_aPakistan _xHistory. |
|
| 651 | 0 |
_aAfghanistan _xHistory. _96706 |
|
| 906 |
_a7 _bcbc _corignew _d3 _encip _f19 _gy-gencatlg |
||
| 942 |
_2ddc _cBK |
||
| 999 |
_c232864 _d232864 |
||